000 00647nam a2200217 a 4500
999 _c7985
_d7985
001 7985
003 BD-JhCC
005 20180217111806.0
008 171018s1982 bg |||| ||a| 000 0 ben d
035 _a(BD-JhCC)7985
040 _aBD-JhCC
_dBD-JhCC
041 _aben
082 _a370
_bMIL 1982
100 _aমিল্লাত, বদরুল
245 _aশিক্ষাক্রম উন্নয়ন /
_cবদরুল মিল্লাত
260 _aঢাকা :
_bবাংলা একাডেমী,
_c1982.
300 _a336 p. :
_c22 cm.
650 _aEducation
942 _2ddc
_cBK